| 000 | 01429cam a2200361 ab4500 | ||
|---|---|---|---|
| 999 |
_c3853 _d3853 |
||
| 001 | 2345453 | ||
| 003 | OSt | ||
| 005 | 20241111151859.0 | ||
| 008 | 211222r20192011enkb j 000 1 eng d | ||
| 020 | _a9780241335659 | ||
| 040 |
_aCGC _beng _cCGC _dOCLCF _dNFG _dOCL _dOCLCO _dOCLCQ _dOCLCO _dOCLCQ _dTCPL _dKH8 _eaacr2 |
||
| 042 | _anbic | ||
| 082 | 0 | _aFIC COL | |
| 100 | 1 |
_aColfer, Eoin. _eaut. |
|
| 245 | 1 | 0 |
_aArtemis Fowl and the Atlantis complex / _cEoin Colfer. |
| 250 | _aReissued edition. | ||
| 260 |
_aLondon : _bPuffin, _c2019. |
||
| 300 |
_a322 pages : _bmap ; _c20 cm. |
||
| 490 | 1 |
_aArtemis Fowl ; _vbk. 7. |
|
| 500 | _a"Criminally good"--Cover. | ||
| 500 | _aOriginally published: 2010. | ||
| 520 | _aYoung Artemis has frequently used high-tech fairy magic to mastermind the most devious criminal activity of the new century. Now, at a conference in Iceland, Artemis has gathered the fairies to present his latest idea to save the world from global warming. | ||
| 600 | 1 | 0 |
_aFowl, Artemis _c(Fictitious character) _vJuvenile fiction. |
| 650 | 0 |
_aAtlantis (Legendary place) _vJuvenile fiction. |
|
| 650 | 0 |
_aCriminals _vJuvenile fiction. |
|
| 650 | 0 |
_aPersonality disorders _vJuvenile fiction. |
|
| 650 | 0 |
_aFairies _vJuvenile fiction. |
|
| 650 | 0 |
_aLeprechauns _vFiction. |
|
| 650 | 0 |
_aMagic _vFiction. |
|
| 800 | 1 |
_aColfer, Eoin. _tArtemis Fowl ; _vbk. 7. |
|
| 830 | 0 |
_aArtemis Fowl ; _vbk. 7. |
|
| 942 |
_2ddc _cFIC |
||